|
|
|
|
| LEADER |
00000nam a2200000 a 4500 |
| 001 |
vtls009315024 |
| 003 |
SK-MaSNL |
| 005 |
20260301210823.0 |
| 008 |
240315s2008 xo d d p 000 0 eng |
| 015 |
|
|
|a SNBA2008/08-03187
|
| 020 |
|
|
|a 9788022728645
|q (brož.)
|
| 035 |
|
|
|a C2A53E59-6A6E-40D3-97F9-B60F8E055265
|
| 035 |
|
|
|a urn:nbn:sk:snk-amkt9h
|
| 035 |
|
|
|a urn:nbn:sk:snk-am0056fv
|
| 040 |
|
|
|a SNK
|b slo
|c SNK
|e AACR2
|
| 041 |
0 |
|
|a eng
|
| 044 |
|
|
|a xo
|c SK
|
| 072 |
|
7 |
|a 51
|x Matematika
|2 konspekt
|
| 072 |
|
7 |
|a 37.016
|x Učebné osnovy. Vyučovacie predmety. Učebnice
|2 konspekt
|
| 080 |
|
|
|a 51
|2 2001
|
| 080 |
|
|
|a (075.8)
|2 2001
|
| 100 |
1 |
|
|a Šiagiová, Jana
|4 aut
|9 594854
|
| 245 |
1 |
0 |
|a Advanced mathematics
|b textbook
|c Jana Šiagiová
|
| 250 |
|
|
|a 1. vyd.
|
| 260 |
|
|
|a V Bratislave
|b Slovenská technická univerzita
|c 2008
|
| 300 |
|
|
|a 73 s.
|b grafy
|c 29 cm
|
| 366 |
|
|
|e 100 výt.
|
| 490 |
1 |
|
|a Edícia skrípt
|
| 650 |
0 |
7 |
|a matematika
|2 SNKPH
|9 70174
|
| 655 |
|
7 |
|a učebnice vysokých škôl
|2 SNKPH
|9 70191
|
| 752 |
|
|
|a Slovensko
|d Bratislava
|
| 810 |
2 |
|
|a Slovenská technická univerzita v Bratislave
|t Edícia skrípt
|9 180632
|
| 919 |
|
|
|a 978-80-227-2864-5
|
| 958 |
|
|
|a OND
|
| 999 |
|
|
|c 914913
|d 916843
|
| 952 |
|
|
|a SNK
|b SNK
|y PREZ
|7 0
|p 17A0595297
|o snkSB 76395
|i snk2008/14580
|8 0
|0 0
|1 0
|4 0
|d 2008-07-25
|f 1
|l 0
|r 2025-04-30 00:00:00
|w 2026-02-24
|
| 952 |
|
|
|a SNK
|b SNK
|y VYP
|7 0
|p 17A0595298
|o snkSB 76395 D1
|i snk2008/14581
|8 0
|0 0
|1 0
|4 0
|d 2008-07-25
|l 0
|r 2016-06-30 00:00:00
|w 2026-02-24
|